| 000 | 00503nam a2200169 a 4500 | ||
|---|---|---|---|
| 001 | 000035778 | ||
| 005 | 20211014100129.0 | ||
| 008 | 111110s2011 dr a 000 0 spa d | ||
| 020 | _a9789945004984 | ||
| 040 |
_aDO-SdBNP _bspa _cBNPHU |
||
| 100 | 1 |
_aReynoso, Menoscal _941 |
|
| 245 | 1 | 0 |
_aQuejas sin ruido : _bpoemas / _cMenoscal Reynoso. |
| 260 |
_aSanto Domingo : _bEditora Búho, _c2011. |
||
| 300 |
_a129 p. ; _c22 cm. |
||
| 500 | _aIncluye datos biográficos del autor en la solapa | ||
| 049 | _aBNPD | ||
| 999 |
_c35269 _d35269 |
||